000 00489nam a2200181Ia 4500
001 18277
005 20260306171619.0
008 260306s9999||||xx |||||||||||||| ||und||
041 _aESP
082 _a658.402
_bH83
100 _aHuaman Pulgar Vidal, Laura
_eAUT
245 0 _aMetodologias para implementar la estrategia:
_b: diseño organización de la empresa
260 _c2014
300 _a484 páginas :
_c24 cm.
650 _aGEN
654 _aCAN
942 _cLIB
_dJUS
_fJUS
_2ddc
_n
999 _c18277
_d18277